ბათუმის შოთა რუსთაველის სახელმწიფო უნივერსიტეტის ბიბლიოთეკა

Оборудование нефтеперерабатывающих заводов и его эксплуатация. (ბიბ.ჩანაწერი № 38392)

000 -LEADER
fixed length control field 00745nam a2200217Ia 4500
001 - CONTROL NUMBER
control field 4402
003 - CONTROL NUMBER IDENTIFIER
control field GE_BSU
008 - FIXED-LENGTH DATA ELEMENTS--GENERAL INFORMATION
fixed length control field 181216s||||||||xx |||||||||||||| ||und||
040 ## - CATALOGING SOURCE
Transcribing agency GE_BSU
080 ## - UNIVERSAL DECIMAL CLASSIFICATION NUMBER
Universal Decimal Classification number 665.63+66(075.32)
100 ## - MAIN ENTRY--PERSONAL NAME
Personal name Фарамазов С.А.
245 ## - TITLE STATEMENT
Title Оборудование нефтеперерабатывающих заводов и его эксплуатация.
245 ## - TITLE STATEMENT
Remainder of title 2-е изд. перераб. и доп
245 ## - TITLE STATEMENT
Statement of responsibility, etc. ред. Р. Е. Миневич.
260 ## - PUBLICATION, DISTRIBUTION, ETC.
Place of publication, distribution, etc. Москва
260 ## - PUBLICATION, DISTRIBUTION, ETC.
Name of publisher, distributor, etc. Химия
260 ## - PUBLICATION, DISTRIBUTION, ETC.
Date of publication, distribution, etc. 1984
300 ## - PHYSICAL DESCRIPTION
Extent 328 с. 22 см.
653 ## - INDEX TERM--UNCONTROLLED
Uncontrolled term Оборудование нефтеперерабатывающих заводов и его эксплуатация.
942 ## - ADDED ENTRY ELEMENTS (KOHA)
Koha item type წიგნი

არაა ხელმისაწვდომი ეგზემპლარები.